| 000 | 00742nam a2200229 a 4500 | ||
|---|---|---|---|
| 001 | 49001 | ||
| 003 | BD-RjUL | ||
| 005 | 20211209054624.0 | ||
| 008 | 160817s1994 bg ||||| |||| 00| p ben d | ||
| 020 | _c: Tk. 35.00 | ||
| 035 | _a(BD-RjUL) 49120 | ||
| 040 |
_aBD-RjUL _bben _cBD-RjUL |
||
| 041 | _aben | ||
| 082 |
_223 _a891.441 _bARA 1994 |
||
| 100 | 1 |
_aআরিফ, মেহেদী হাসান _9147499 |
|
| 245 | 1 | 0 |
_aআশা / _cমেহেদী হাসান আরিফ |
| 260 |
_aখুলনা : _bকাকলী প্রেস, _c১৯৯৪ |
||
| 300 |
_a৮০ পৃ. ; _c২১ সেমি. |
||
| 650 |
_aবাংলা কবিতা _9147500 |
||
| 650 |
_aBengali Poetry _9147501 |
||
| 942 |
_2ddc _cBK |
||
| 999 |
_c49001 _d49001 |
||